Vegetable gardening : your ultimate guide / by ... Read More
Available copies
- 1 of 1 copy available at LARL/NWRL Consortium.
Current holds
0 current holds with 1 total copy.
Show All Copies
| Location | Call Number / Copy Notes | Barcode | Shelving Location | Status | Due Date |
|---|---|---|---|---|---|
| Godel Memorial-Warren Library | 635 DOL (Text) | 35500003531579 | Main | Available | - |
Record details
- ISBN: 0865734410
- Physical Description: xv, 431 p. : ill. ; 29 cm.
- Publisher: Minnetonka, MN : Creative Pub. International, 2000.
Search for related items by subject
| Subject: | Vegetable gardening. Vegetables. |
Search for related items by series
| LDR | 00969cam a22002658a 4500 | ||
|---|---|---|---|
| 001 | 29611 | ||
| 003 | LARL_NWRL_CONSORTIUM | ||
| 005 | 19991230142311.0 | ||
| 008 | 991217s2000 mnu 001 0 eng | ||
| 020 | . | ‡a0865734410 | |
| 035 | . | ‡a(OCoLC)43118259 | |
| 035 | 0 | 0. | ‡iLCMARC/AYJ-1579/KRLTECH |
| 042 | . | ‡apcc | |
| 082 | 0 | 0. | ‡a635 ‡221 |
| 100 | 1 | . | ‡aDolezal, Robert J. ‡0(LARL_NWRL_CONSORTIUM)108129 |
| 245 | 1 | 0. | ‡aVegetable gardening : ‡byour ultimate guide / ‡cby Rovert J. Dolezal. |
| 260 | . | ‡aMinnetonka, MN : ‡bCreative Pub. International, ‡c2000. | |
| 300 | . | ‡axv, 431 p. : ‡bill. ; ‡c29 cm. | |
| 490 | 0 | . | ‡aBlack & Decker outdoor home |
| 650 | 0. | ‡aVegetable gardening. ‡0(LARL_NWRL_CONSORTIUM)33826 | |
| 650 | 0. | ‡aVegetables. ‡0(LARL_NWRL_CONSORTIUM)33829 | |
| 901 | . | ‡a29611 ‡bOCLC ‡c29611 ‡tbiblio | |

Add to basket
Permalink
Disable Highlighting